书目信息 |
| 题名: |
数码摄影轻松入门
|
|
| 作者: | ;维斯摄影 编著 | |
| 分册: | ||
| 出版信息: | 北京 科学出版社 2009 |
|
| 页数: | 215页 | |
| 开本: | 23cm | |
| 丛书名: | ||
| 单 册: | ||
| 中图分类: | J41 , TP391.41 | |
| 科图分类: | ||
| 主题词: | 数字照相机--摄影技术--基本知识 , 数字照相机--图象处理--基本知识 , 数字照相机 , 摄影技术 , 图象处理 | |
| 电子资源: | ||
| ISBN: | 978-7-03-024364-5 | |
| 000 | 00978nam0 2200289 45 | |
| 001 | 1033012625 | |
| 005 | 20100408171915.18 | |
| 010 | @a978-7-03-024364-5@dCNY35.00 | |
| 100 | @a20100331d2009 em y0chiy50 ea | |
| 101 | 0 | @achi |
| 102 | @aCN@b110000 | |
| 105 | @aa z 000yy | |
| 106 | @ar | |
| 200 | 1 | @a数码摄影轻松入门@AShu Ma She Ying Qing Song Ru Men@f维斯摄影编著@FWei Si She Ying Bian Zhu |
| 210 | @a北京@c科学出版社@d2009 | |
| 215 | @a215页@c照片@d23cm | |
| 330 | @a本书讲解了数码相机的使用方法和拍摄技巧,内容包括:数码相机的基础知识和使用方法,数码摄影基础知识,拍摄过程中光线的运用,摄影构图知识,以及一些经典拍摄手法的运用。 | |
| 606 | 0 | @a数字照相机@x摄影技术@x基本知识 |
| 606 | 0 | @a数字照相机@x图象处理@x基本知识 |
| 606 | 0 | @a数字照相机 |
| 606 | 0 | @a摄影技术 |
| 606 | 0 | @a图象处理 |
| 690 | @aJ41@v4 | |
| 690 | @aTP391.41@v4 | |
| 711 | 0 | @a维斯摄影@AWei Si She Ying@4编著 |
| 801 | 0 | @aCN@bTANGWEI@c20100408 |
| 905 | @b0587490-94@dJ41@e240@f5 | |
| 数码摄影轻松入门/维斯摄影编著.-北京:科学出版社,2009 |
| 215页:照片;23cm |
| ISBN 978-7-03-024364-5:CNY35.00 |
| 本书讲解了数码相机的使用方法和拍摄技巧,内容包括:数码相机的基础知识和使用方法,数码摄影基础知识,拍摄过程中光线的运用,摄影构图知识,以及一些经典拍摄手法的运用。 |
| ● |
| 相关链接 |
|
|
|
|
正题名:数码摄影轻松入门
索取号:J41/240
 
预约/预借
| 序号 | 登录号 | 条形码 | 馆藏地/架位号 | 状态 | 备注 |
| 1 | 0587490 | 205874909 | 第一样本阅览室/ [索取号:J41/240] | 在馆 | |
| 2 | 0587491 | 205874918 | 第一借阅区/ [索取号:J41/240] | 在馆 | |
| 3 | 0587492 | 205874927 | 第一借阅区/ [索取号:J41/240] | 在馆 | |
| 4 | 0587493 | 205874936 | 第一借阅区/ [索取号:J41/240] | 在馆 | |
| 5 | 0587494 | 205874945 | 第一借阅区/ [索取号:J41/240] | 在馆 |